000 00738nam a2200253Ia 4500
003 OSt
005 20220925215200.0
006 a|||||r|||| 00| 0
007 ta
008 220923b |||||||| |||| 00| 0 eng d
020 _a0435963007
037 _cGeneral Book
040 _aRTL
_cRTL
_beng
041 _2eng
_aeng
082 _aX.611.N7, M0
100 _aHyden Goran
_9121787
245 0 _aBeyond Ujamma jn Tanzania
_b Under development and uncapturd peasantry
260 _aLondon
_bHeinemann
_c1980
300 _ax,270p.
_ccm.
500 _aBibliography chapterwise
650 _aAfrica Economic Conditions
_932254
942 _hX.611.N7, M0
_cGB
_2CC
999 _c568125
_d568125